British government and politics (Record no. 421891)

000 -LEADER
fixed length control field 00389cam a22001337a 4500
008 - FIXED-LENGTH DATA ELEMENTS--GENERAL INFORMATION
fixed length control field 180718b1968 xxu||||| |||| 00| 0 eng d
020 ## - INTERNATIONAL STANDARD BOOK NUMBER
International Standard Book Number 435 83730 3
082 ## - DEWEY DECIMAL CLASSIFICATION NUMBER
Classification number B5x42 P969
100 ## - MAIN ENTRY--PERSONAL NAME
Personal name Punnett, R.M.
245 ## - TITLE STATEMENT
Title British government and politics
Statement of responsibility, etc. by R.M. Punnett
260 ## - PUBLICATION, DISTRIBUTION, ETC.
Place of publication, distribution, etc. London
Name of publisher, distributor, etc. Heinemann
Date of publication, distribution, etc. 1968
300 ## - PHYSICAL DESCRIPTION
Extent xii, 488p
650 ## - SUBJECT ADDED ENTRY--TOPICAL TERM
Topical term or geographic name entry element Great Britain --Politics and government --1945.
Holdings
Withdrawn status Lost status Damaged status Not for loan Permanent Location Current Location Date acquired Full call number Barcode Date last seen Price effective from Koha item type
        Indian Institute of Public Administration Indian Institute of Public Administration 2009-08-10 B5x42 P969 42737 2018-07-21 2018-07-21 Book

Powered by Koha